| 000 | | | 03971nac2a22002773x 450 |
| 001 | | | b0fe4ef3-896d-4d15-8f7f-c3b365cd013e |
| 005 | | | 20220128094347.0 |
| 100 | ## | $a | 20211219l19251925k y0rusy50 ca |
| 101 | 0# | $a | rus |
| | $a | mul |
| 102 | ## | $a | RU |
| 105 | ## | $a | y z ||||| |
| 122 | 2# | $a | d19250515 |
| | $a | d19250722 |
| 200 | 1# | $a | О дополнении положения о ЦИК СССР |
| | $j | 15.05.1925 - 22.07.1925 |
| 215 | ## | $a | 9 листов |
| 251 | ## | $c | Дело |
| 300 | ## | $a | Заголовок дела на папке: О дополнении положения о ЦИК Союза ССР |
| 300 | ## | $a | Нумерация с конца |
| 300 | ## | $a | Часть текста на языках народов СССР |
| 300 | ## | $a | Часть текста машинописная и рукописная, часть - напечатана типографским способом |
| 461 | #0 | $1 | 001796d4672-8a00-4986-b488-6e42273792cc |
| | $1 | 2001 |
| | $a | ЦЕНТРАЛЬНЫЙ ИСПОЛНИТЕЛЬНЫЙ КОМИТЕТ СССР (ЦИК СССР) |
| | $1 | 251 |
| | $c | Фонд |
| | $1 | 852 |
| | $j | 3316 |
| | $g | Р |
| 462 | #0 | $1 | 001695fbc83-70c9-44d4-9de9-10349b3c2ddf |
| | $1 | 2001 |
| | $a | Дела Секретариата Президиума ЦИК Союза ССР за 1925 г. |
| | $v | Д. 103 |
| | $1 | 251 |
| | $c | Опись |
| | $1 | 852 |
| | $j | 18 |
| 517 | 1# | $a | О дополнении положения о ЦИК Союза ССР |
| 601 | 01 | $3 | RU\NLR\AUTH\880357276 |
| | $a | СССР |
| | $b | ЦИК |
| 801 | #0 | $a | RU |
| | $b | GA_RF |
| 801 | #1 | $a | RU |
| | $b | ГлавНИВЦ |
| | $c | 20211219 |
| | $2 | rusmarc |
| 801 | #2 | $a | RU |
| | $b | ПБ им. Б.Н. Ельцина |
| | $c | 20220128 |
| | $g | RCR |
| | $2 | rusmarc |
| 852 | ## | $a | ГА РФ |
| | $j | 103 |
| 937 | ## | $d | 173440900 |
| | $h | ГАРФ |
| 035 | ## | $a | RuPRLIB51065230 |
| 856 | ## | $u | http://readingroom.main.prlib.ru/item.aspx?id_node=n173440900&mode=full |